000
00300nam a22001337a 4500
008
181016b xxu||||| |||| 00| 0 eng d
020
_a
0256034060
041
_a
eng
080
_2
3rd
_a
316
100
_a
50
101
_a
SOC
245
_a
The American Class Structure
_c
Gilbert,D
942
_2
udc
_c
BK
999
_c
49823
_d
49823